<?xml version="1.0" encoding="UTF-8"?>
<record
    xmlns:xsi="http://www.w3.org/2001/XMLSchema-instance"
    xsi:schemaLocation="http://www.loc.gov/MARC21/slim http://www.loc.gov/standards/marcxml/schema/MARC21slim.xsd"
    xmlns="http://www.loc.gov/MARC21/slim">

  <leader>00541nam a2200169Ia 4500</leader>
  <controlfield tag="005">20231102150825.0</controlfield>
  <controlfield tag="008">120626t2001    m  a   e      000 0 s   d</controlfield>
  <datafield tag="020" ind1=" " ind2=" ">
    <subfield code="a">968-5270-46-5</subfield>
  </datafield>
  <datafield tag="050" ind1=" " ind2=" ">
    <subfield code="a">PN1701 V55</subfield>
  </datafield>
  <datafield tag="100" ind1="1" ind2="0">
    <subfield code="a">VILLEGAS GUEVARA, Eduardo, autor</subfield>
  </datafield>
  <datafield tag="245" ind1="1" ind2="0">
    <subfield code="a">Caras y Gestos  </subfield>
    <subfield code="b"> : teatro para adolescentes</subfield>
    <subfield code="c"> / Eduardo Villegas Guevara</subfield>
  </datafield>
  <datafield tag="260" ind1=" " ind2=" ">
    <subfield code="a">M&#xE9;xico </subfield>
    <subfield code="b"> : Lectorum</subfield>
    <subfield code="c"> , 2001</subfield>
  </datafield>
  <datafield tag="300" ind1=" " ind2=" ">
    <subfield code="a">229 p&#xE1;ginas.</subfield>
    <subfield code="b"> : il.</subfield>
    <subfield code="c"> ; 21 cm.</subfield>
  </datafield>
  <datafield tag="500" ind1=" " ind2=" ">
    <subfield code="a">Incluye: &#xED;ndice general y bibliograf&#xED;a.</subfield>
  </datafield>
  <datafield tag="650" ind1="1" ind2="0">
    <subfield code="a">TEATRO Y JUVENTUD</subfield>
  </datafield>
  <datafield tag="942" ind1=" " ind2=" ">
    <subfield code="c">LB</subfield>
  </datafield>
  <datafield tag="952" ind1=" " ind2=" ">
    <subfield code="0">0</subfield>
    <subfield code="1">0</subfield>
    <subfield code="4">0</subfield>
    <subfield code="7">0</subfield>
    <subfield code="a">09</subfield>
    <subfield code="b">09</subfield>
    <subfield code="d">2007-01-23</subfield>
    <subfield code="l">0</subfield>
    <subfield code="o">PN1701 V55</subfield>
    <subfield code="p">09 000048</subfield>
    <subfield code="r">2012-06-26</subfield>
    <subfield code="t">1</subfield>
    <subfield code="w">2012-06-26</subfield>
    <subfield code="y">LB</subfield>
  </datafield>
  <datafield tag="952" ind1=" " ind2=" ">
    <subfield code="0">0</subfield>
    <subfield code="1">0</subfield>
    <subfield code="4">0</subfield>
    <subfield code="7">0</subfield>
    <subfield code="a">09</subfield>
    <subfield code="b">09</subfield>
    <subfield code="d">2007-01-23</subfield>
    <subfield code="l">1</subfield>
    <subfield code="o">PN1701 V55</subfield>
    <subfield code="p">09 000049</subfield>
    <subfield code="r">2015-11-21</subfield>
    <subfield code="s">2013-09-21</subfield>
    <subfield code="t">2</subfield>
    <subfield code="w">2012-06-26</subfield>
    <subfield code="y">LB</subfield>
  </datafield>
  <datafield tag="999" ind1=" " ind2=" ">
    <subfield code="c">63546</subfield>
    <subfield code="d">63546</subfield>
  </datafield>
</record>
